Saoirse Ronan - Roles by Picture - Statistics

General Stats
  • This quiz has been taken 11 times
  • The average score is 6 of 30
Answer Stats
Picture Answer % Correct
Christine 'Lady Bird' McPherson
78%
Hanna
67%
Jo March
56%
Mary Stuart, Queen of Scots
56%
Eilis Lacey
44%
Briony Tallis, Aged 13
33%
Agatha
22%
Charlotte Murchison
22%
Constable Stalker
22%
Draculaura
22%
Susie Salmon
22%
Arrietty
11%
Benji McGarvie
11%
Celia Hardwick
11%
Daisy
11%
Daisy
11%
Eleanor Webb
11%
Florence Ponting
11%
Irena Zielińska
11%
Izzie Mensforth
11%
Leia Dargon
11%
Lina Mayfleet
11%
Marguerite Gachet
11%
Melanie 'Mel' Stryder / Wanderer 'Wanda'
11%
Nina Zarechnaya
11%
Orla Boland
11%
Rat
11%
Talia
11%
The Mannequin
11%
Rhiannon Geraghty
0%
No matching quizzes found
Score Distribution
Percent of People with Each Score
Percentile by Number Answered
Your Score History
You have not taken this quiz